00506nam a2200169Ia 4500008004100000020001800041041000800059082001000067100002900077260002200106245001600128250000600144300000800150650001900158999001700177952014200194220805s9999 xx 000 0 und d a0-7225-4007-8 aeng a155.2 aLindenfreld, Gael988528 aUKbElementc2000 aSelf Esteem a1 a173 a Esteem988529 c48718d48718 001040708ReadingaMNVTbMNVTd2022-08-09eDonatedg410.00o155.2/LIN/DB1349pMNVT-DB-1349r2022-08-09 00:00:00w2022-08-09yDBzDB1349